ბათუმის შოთა რუსთაველის სახელმწიფო უნივერსიტეტის ბიბლიოთეკა

Сборник упражнений по русскому языку:фонетика и морфология. (ბიბ.ჩანაწერი № 40642)

000 -LEADER
fixed length control field 00741nam a2200205Ia 4500
001 - CONTROL NUMBER
control field 7270
003 - CONTROL NUMBER IDENTIFIER
control field GE_BSU
008 - FIXED-LENGTH DATA ELEMENTS--GENERAL INFORMATION
fixed length control field 181216s||||||||xx |||||||||||||| ||und||
040 ## - CATALOGING SOURCE
Transcribing agency GE_BSU
080 ## - UNIVERSAL DECIMAL CLASSIFICATION NUMBER
Universal Decimal Classification number 811.161.1(075)
100 ## - MAIN ENTRY--PERSONAL NAME
Personal name Воздвиженская,И.В. Картвелишвили,А.М. Цагикян,Р.Н.
245 ## - TITLE STATEMENT
Title Сборник упражнений по русскому языку:фонетика и морфология.
245 ## - TITLE STATEMENT
Statement of responsibility, etc. Ред.Э.Неверовская.
260 ## - PUBLICATION, DISTRIBUTION, ETC.
Place of publication, distribution, etc. Тб.
260 ## - PUBLICATION, DISTRIBUTION, ETC.
Name of publisher, distributor, etc. Ганатлеба.
260 ## - PUBLICATION, DISTRIBUTION, ETC.
Date of publication, distribution, etc. 1983.
300 ## - PHYSICAL DESCRIPTION
Extent 206стр.20см.
653 ## - INDEX TERM--UNCONTROLLED
Uncontrolled term Сборник упражнений по русскому языку:фонетика и морфология.
942 ## - ADDED ENTRY ELEMENTS (KOHA)
Koha item type წიგნი
ეგზემპლარები
Withdrawn status Lost status Damaged status Not for loan Date acquired Barcode Date last seen Price effective from Koha item type
        2018-12-17 9932 2018-12-17 2018-12-17 წიგნი
        2018-12-17 9933 2018-12-17 2018-12-17 წიგნი
        2018-12-17 9934 2018-12-17 2018-12-17 წიგნი